Word Ladder: Celebrities Quiz Stats

 Plays Quiz Updated Jan 5, 2012

Challenge
Share
Tweet
Score 0/26 Timer 03:00
2 Plays Today
Clue Word % Correct
Celebrity #1TIGER
86.7%
Celebrity #2FAILS
85.9%
Celebrity #2FALLS
85.1%
Celebrity #1WOODY
84.5%
Celebrity #2PAILS
80.4%
Celebrity #2MARRY
80.1%
Celebrity #2PAIRS
75.3%
Celebrity #2HALLS
75.3%
Celebrity #1WOODS
74.1%
Celebrity #1FILES
73.6%
Celebrity #1MILES
73.5%
Celebrity #1MOLLY
73.4%
Celebrity #1MOLDY
70.2%
Clue Word % Correct
Celebrity #1MOODY
69.9%
Celebrity #1MOLES
69.2%
Celebrity #2FAIRS
67.7%
Celebrity #2FAIRY
65.4%
Celebrity #2HARRY
64.2%
Celebrity #1FILER
62.2%
Celebrity #1MOLLS
57.3%
Celebrity #1TIBER
53.4%
Celebrity #2HAIRY
52.9%
Celebrity #2MERRY
51.2%
Celebrity #2BERRY
50.6%
Celebrity #1FIBER
48.3%
Celebrity #2HALLE
24.4%

Today's Daily Dose

You're not logged in!

Compare scores with friends on all Sporcle quizzes.
Join for Free
OR
Log In

You Might Also Like...

Show Comments

Extras

Top Quizzes Today


Score Distribution

Your Account Isn't Verified!

In order to create a playlist on Sporcle, you need to verify the email address you used during registration. Go to your Sporcle Settings to finish the process.

Report this User

Report this user for behavior that violates our Community Guidelines.

Details: